logo

Bir Sreshtho Munshi Abdur Rouf Library
Jhenaidah Cadet College

রসুল সা.-এর যুগে মদিনার সমাজ : (Record no. 12673)

MARC details
000 -LEADER
fixed length control field 01128nam a2200253 a 4500
001 - CONTROL NUMBER
JCCL Control Number 12673
003 - CONTROL NUMBER IDENTIFIER
JCCL marc code BD-JhCC
005 - DATE AND TIME OF LATEST TRANSACTION
control field 20221116131100.0
008 - FIXED-LENGTH DATA ELEMENTS--GENERAL INFORMATION
fixed length control field 221116s2018 bg |||| |||| 000 0 ban d
020 ## - INTERNATIONAL STANDARD BOOK NUMBER
International Standard Book Number 9848203512
035 ## - SYSTEM CONTROL NUMBER
system control number (BD-JhCC)12673
040 ## - CATALOGING SOURCE
Original cataloging agency BD-JhCC
Modifying agency BD-JhCC
041 ## - LANGUAGE CODE
Language code of Book Bangla
082 ## - DEWEY DECIMAL CLASSIFICATION NUMBER
Classification number 953.122
Author mark and Year ALU 2018
100 ## - MAIN ENTRY--PERSONAL NAME
Personal name আল উমরী, ড: আকরাম জিয়া
245 ## - TITLE STATEMENT
Title রসুল সা.-এর যুগে মদিনার সমাজ :
Remainder of title মুশরিকদের বিরুদ্ধে জিহাদ /
Statement of responsibility, etc ড: আকরাম জিয়া আল উমরী; এম রুহুল আমিন (অনু.)
260 ## - PUBLICATION, DISTRIBUTION, ETC. (IMPRINT)
Place of publication, distribution, etc ঢাকা :
Name of publisher, distributor, etc বাংলাদেশ ইনস্টিটিউট অব ইসলামিক থ্যট (বিআইআইটি),
Date of publication, distribution, etc ২০১৮
300 ## - PHYSICAL DESCRIPTION
Pagination ২২৮ পৃ. :
Dimensions ২১ সেমি.
504 ## - BIBLIOGRAPHY, ETC. NOTE
Bibliography, etc গ্রন্থপঞ্জি অন্তর্ভূক্ত।
650 ## - SUBJECT ADDED ENTRY--TOPICAL TERM
Topical term or geographic name as entry element Saudi Arabia--Medina
650 ## - SUBJECT ADDED ENTRY--TOPICAL TERM
Topical term or geographic name as entry element Travel
700 ## - ADDED ENTRY--PERSONAL NAME
Personal name আমিন, এম রুহুল
942 ## - ADDED ENTRY ELEMENTS (KOHA)
Source of classification or shelving scheme Dewey Decimal Classification
Koha item type Books
Holdings
Source of classification or shelving scheme Damaged status Not for loan Home library Current library Shelving location Date of accession Cost, normal purchase price Total Checkouts Full call number Barcode Date last seen Copy number Koha item type
Dewey Decimal Classification     JCC Rouf Library JCC Rouf Library General Stacks 11/16/2022 102.00   953.122 ALU 2018 16841 11/16/2022 C-1 Books

JCC Library | Contacts | JCC Home

Last Update on 23 September 2017
Copyright @ 2017-2020 JCC Rouf Library
Rouf Library, Jhenidah Cadet College (JCC), Bangladesh